000 00821cam a2200241 a 4500
999 _c41419
_d41419
001 976033
003 OSt
005 20220106133332.0
008 850424m19859999gw a b 001 0 eng
010 _a 85147165
020 _a9781349072460
040 _aDLC
_cDLC
_dOCoLC
_dDLC
050 0 0 _aRA1221
_b.A47 1985
082 0 0 _a615.907
_219
_bCUR/A
245 0 0 _aAnalytical methods in human toxicology /
_cedited by A.S. Curry.
_bPart 2
260 _aWeinheim ;
_aDeerfield Beach, Fla. :
_bVerlag Chemie,
_cc1985-
300 _av. <2 > :
_bill. ;
_c25 cm.
504 _aIncludes bibliographies and index.
650 0 _aAnalytical toxicology.
700 1 _aCurry, A. S.
_q(Alan S.)
_98982
906 _a7
_bcbc
_corignew
_d2
_encip
_f19
_gy-gencatlg
942 _2ddc
_cBK
_h615.907
_iCUR/A
_k615.907
_mCUR/A